| 000 | 00348nam a2200109Ia 4500 | ||
|---|---|---|---|
| 008 | 171211s9999 xx 000 0 und d | ||
| 245 | _aModern Written Arabic: A Comprehensive Grammar | ||
| 245 | _cAdrian Gully, El Said Badawi, and Michael Carter | ||
| 260 | _c2003 | ||
| 650 | _xLANGUAGES | ||
| 856 | _uhttp://down.ebook777.com/025/9780415130851.pdf | ||
| 999 |
_c349731 _d349731 |
||